000 00828nam a2200241Ia 4500
001 14772
003 GE_BSU
008 181216s||||||||xx |||||||||||||| ||und||
040 _cGE_BSU
080 _a519.76
100 _aАхо,А., Усьманг,Дж.
245 _aТеория синтаксического анализа, перевода и компиляции. т.1.
245 _bСинтаксический анализ
245 _cПод.ред.В.М.Курочкина
260 _aМосква
260 _bМир
260 _c1978
300 _a614стр.22см.
300 _eуказатель стр.575-596
653 _aСинтаксический анализ
653 _aТеория синтаксического анализа,перевода и компиляции
942 _cBK
999 _c47895
_d47895